Applied genetics of leguminosae biotechnology

Uloženo v:
Podrobná bibliografie
Hlavní autor: Jaiwal, Pawan K.
Médium: Kniha
Jazyk:Undetermined
Vydáno: London Kluwer Academic Publishers 2003
Témata:
Tagy: Přidat tag
Žádné tagy, Buďte první, kdo otaguje tento záznam!
Thư viện lưu trữ: Trung tâm Học liệu Trường Đại học Cần Thơ
LEADER 00565nam a2200205Ia 4500
001 CTU_94668
008 210402s9999 xx 000 0 und d
020 |c 220.50 
082 |a 633.3 
082 |b J25 
100 |a Jaiwal, Pawan K. 
245 0 |a Applied genetics of leguminosae biotechnology 
245 0 |c Pawan K. Jaiwal 
260 |a London 
260 |b Kluwer Academic Publishers 
260 |c 2003 
650 |a Legumes,Legumes 
650 |x Biotechnology,Micropropagation 
904 |i Trúc 
980 |a Trung tâm Học liệu Trường Đại học Cần Thơ